Kebangkitan : (Record no. 155326)

MARC details
000 -LEADER
fixed length control field 00655nam a2200229 i 4500
001 - CONTROL NUMBER
control field C2-0174542
003 - CONTROL NUMBER IDENTIFIER
control field PPAK
005 - DATE AND TIME OF LATEST TRANSACTION
control field 20180728094452.0
008 - FIXED-LENGTH DATA ELEMENTS--GENERAL INFORMATION
fixed length control field 980921s1969 at |||| ||||| | may d
040 ## - CATALOGING SOURCE
Original cataloging agency PPAK
Language of cataloging eng
Transcribing agency PPAK
Description conventions rda
082 04 - DEWEY DECIMAL CLASSIFICATION NUMBER
Classification number 899.231
Edition number 23
090 00 - LOCALLY ASSIGNED LC-TYPE CALL NUMBER (OCLC); LOCAL CALL NUMBER (RLIN)
Classification number (OCLC) (R) ; Classification number, CALL (RLIN) (NR) 899.231
Feature heading KEB
Feature heading KIH
Classification number (OCLC) (R) ; Classification number, CALL (RLIN) (NR) 899.231
Feature heading KEB
Feature heading KSS
245 00 - TITLE STATEMENT
Title Kebangkitan :
Remainder of title antoloji sajak
264 #1 - PRODUCTION, PUBLICATION, DISTRIBUTION, MANUFACTURE, AND COPYRIGHT NOTICE
Place of production, publication, distribution, manufacture [Canberra] :
Name of producer, publisher, distributor, manufacturer Fakultas Pengajian Oriental, Universiti Nasional Australia ,
Date of production, publication, distribution, manufacture, or copyright notice 1969
300 ## - PHYSICAL DESCRIPTION
Extent iii, 85 pages ;
Dimensions 25 cm
336 ## - CONTENT TYPE
Source rdacontent
Content type term text
337 ## - MEDIA TYPE
Source rdamedia
Media type term unmediated
338 ## - CARRIER TYPE
Source rdacarrier
Carrier type term volume
650 10 - SUBJECT ADDED ENTRY--TOPICAL TERM
Topical term or geographic name entry element Malay poetry
942 ## - ADDED ENTRY ELEMENTS (KOHA)
-- dc
Koha item type Book
Holdings
Withdrawn Not for loan Current library Shelving location Date acquired Full call number Barcode Date last seen Koha item type
  Not For Loan Perpustakaan Alor Setar Koleksi Shaidun Shaari 22/10/2012 KSS 899.231 KEB A00511146 01/06/2018 Book
  Not For Loan Perpustakaan Alor Setar Koleksi Ismail Hussein 21/09/1998 KIH 899.231 KEB A00176805 01/06/2018 Book